000 00301nam a2200121Ia 4500
005 20251222141853.0
008 251222s9999||||xx |||||||||||||| ||spa||
082 _a869.57/C75C
100 _a"Colchado Lucio, Oscar"
245 0 _aCholito en la ciudad del río hablador
250 _a4a.ed.
942 _cLIB
999 _c7792
_d7792